000
00321 a2200109 4500
001
ART_46227
005
20260410162006.0
008
260409a
245
1
0
_a
Interrupción voluntaria del embarazo
100
1
_a
Flah, Lily R.
773
0
_t
Temas de derecho civil
_g
- Año 4, N° 4 (abr. 2018)
_w
REV34778
999
_c
31728
_d
31728